000 00376nam a2200145Ia 4500
008 230917s9999||||xx |||||||||||||| ||und||
040 _e34702
_aMAIN
041 _aEnglish
082 _a932 W584A
100 _aWhite, J E Manchip
245 0 _aAncient egypt: its culture and history
260 _aLondon
_bGeorge Allen and Unwin
_c1970
300 _axx,217 p.
942 _cBK
999 _c192825
_d192825